000 00621nam a2200217Ia 4500
003 OSt
005 20220928135159.0
006 a|||||r|||| 00| 0
007 ta
008 220927b |||||||| |||| 00| 0 eng d
024 _a844
037 _cTextual
040 _aSDCL
_cSDCL
_beng
041 _2eng
_aeng
082 _aX.7918 'N7, M1
100 _aFoweraker Joe
_9489494
245 0 _aStruggle for land
_b A political economy of the pioneer frontier in Brazil from 1930 to the present day
260 _c1981
942 _hX.7918 'N7, M1
_cTEXL
_2CC
999 _c804786
_d804786